000 00714nam a2200241Ia 4500
003 OSt
005 20220926022344.0
006 a|||||r|||| 00| 0
007 ta
008 220923b |||||||| |||| 00| 0 eng d
037 _cGeneral Book
040 _aRTL
_cRTL
_beng
041 _2eng
_aeng
082 _aU98,f, K9/UN
110 _aUnited Nations Coference on the Exploration and Peaceful
_9327667
245 0 _aSpace exploration and applications
260 _aNew York
_bUnited Nations U S A
_c1969
490 _vV1
650 _aTravel
700 _aUnited Nations Coference on the Exploration and Peaceful
_9327668
942 _hU98,f, K9/UN
_cGB
_2CC
999 _c639276
_d639276